Seed biology and the yield of grain crops (Record no. 16318)

MARC details
000 -LEADER
fixed length control field 00450nam a22001697a 4500
003 - CONTROL NUMBER IDENTIFIER
control field OSt
005 - DATE AND TIME OF LATEST TRANSACTION
control field 20211102144718.0
008 - FIXED-LENGTH DATA ELEMENTS--GENERAL INFORMATION
fixed length control field 211102b |||||||| |||| 00| 0 eng d
020 ## - INTERNATIONAL STANDARD BOOK NUMBER
International Standard Book Number 085199 241 2
040 ## - CATALOGING SOURCE
Transcribing agency Hawassa university
050 ## - LIBRARY OF CONGRESS CALL NUMBER
Classification number 633.1'0421/EGL
082 ## - DEWEY DECIMAL CLASSIFICATION NUMBER
Classification number 633.1'0421/EGL
100 ## - MAIN ENTRY--PERSONAL NAME
Personal name Egli dennis b.
9 (RLIN) 16639
245 ## - TITLE STATEMENT
Title Seed biology and the yield of grain crops
260 ## - PUBLICATION, DISTRIBUTION, ETC.
Place of publication, distribution, etc. Cab international
Name of publisher, distributor, etc. UK
Date of publication, distribution, etc. 1998
942 ## - ADDED ENTRY ELEMENTS (KOHA)
Source of classification or shelving scheme Dewey Decimal Classification
Koha item type Books like text book referance book
Suppress in OPAC No
Holdings
Withdrawn status Lost status Source of classification or shelving scheme Damaged status Not for loan Home library Current library Date acquired Total Checkouts Full call number Barcode Date last seen Copy number Price effective from Koha item type
    Dewey Decimal Classification     College of Agriculture Library College of Agriculture Library 11/02/2021   633.1'042/1EGL ALIB0010408 11/02/2021 C 1 11/02/2021 Books like text book referance book